00577nam a22001937a 450000500170000001000240001702000260004103500170006703500140008403700150009808200080011308200120012110000200013324501130015326000300026627000410029630000270033750000190036420170915151301.0 a1617EN ENG-120797 a9781138667518c895.00 aB-650238-240 aEN-104329 aDPLbUPPAL a250 a250.082 aKaushik, Garima aWoman and monastic Buddhism in early South Asia:cby Garima Kaushikbrediscovering the invisible believers / aNew YorkbRoutledgec2016 a711 third avenuebNew YorkeNY 10017 a284p.:c24cm(Hb)bill. aIncludes index